00843pam a2200265 a 4500001000800000005001700008008004100025020001500066020002200081040001800103082002300121245007500144260004800219300001600267650001000283650002000293650002200313650001400335700002200349700002600371856006600397942000600463952009500469999001300564198348720240227052250.0891219s1990 nyua b 001 0 eng  a0195061187 a0195065174 (pbk.) aDLCcDLCdDLC00a323.334.220bWOM.00aWomen and social protest /cedited by Guida West, Rhoda Lois Blumberg. aNew York :bOxford University Press,c1990. ax, 406 p. : 0aWomen 0aWomen's rights. 0aSocial movements. 0aFeminism.1 aWest, Guida.eedt1 aBlumberg, Rhoda Lois.42uhttp://www.loc.gov/catdir/enhancements/fy0604/89078129-d.html cL 001040708LaWERCLbWERCLd2024-02-27l0o323.334. WOM.p2181r2024-02-27w2024-02-27yL c501d501